[Event "Australian-ch 2020"]
[Site "Kogarah"]
[Date "2020.01.02"]
[Round "1.1"]
[White "Kuybokarov, Temur"]
[Black "Hu, Jason"]
[Result "1-0"]
[WhiteElo "2523"]
[BlackElo "2159"]
[Annotator "RC"]
[PlyCount "49"]
[EventDate "2020.01.02"]
[EventType "swiss"]
[EventCountry "AUS"]
[SourceTitle "playchess.com"]
[Source "ChessBase"]
[SourceQuality "1"]
[TimeControl "40/5400+30:1800+30"]

1. e4 {[%emt 1:30:30]} c6 {[%emt 1:30:30]} 2. d4 {[%emt 0:00:30]} d5 {[%emt 0:00:30]} 3. e5 {[%emt 0:00:30]} Bf5 {[%emt 0:00:30]} 4. Nf3 {[%emt 0:00:30]} e6 {[%emt 0:00:30]} 5. Be2 {[%emt 0:00:30]} c5 {[%emt 0:00:30]} 6. Be3 {[%emt 0:00:30]} cxd4 {[%emt 0:00:30]} 7. Nxd4 {[%emt 0:00:30]} Ne7 {[%emt 0:00:30]} 8. O-O {[%emt 0:00:30]} Nbc6 {[%emt 0:00:30]} 9. Bb5 {[%emt 0:00:30]} a6 {[%emt 0:00:30]} 10. Bxc6+ {[%emt 0:00:30]} bxc6 {[%emt 0:00:30]} 11. c4 {[%emt 0:00:30]} Qd7 {[%emt 0:00:30]} 12. cxd5 {[%emt 0:00:30]} cxd5 {[%emt 0:00:30]} 13. Nc3 {[%emt 0:00:30]} Bg6 {[%emt 0:00:30]} 14. Na4 {[%emt 0:00:30]} Nc8 {[%emt 0:00:30]} 15. Rc1 {[%emt 0:00:30]} Be7 {[%emt 0:00:30]} 16. Rxc8+ {[%emt 0:00:30]} Qxc8 {[%emt 0:00:30]} 17. Nb6 {[%emt 0:00:30]} Qb7 {[%emt 0:00:30]} 18. Qa4+ {[%emt 0:00:30]} Kf8 {[%emt 0:00:30]} 19. Nxa8 {[%emt 0:00:30]} Qxa8 {[%emt 0:00:30]} 20. Rc1 {[%emt 0:00:30]} Qb7 {[%emt 0:00:30]} 21. Qb3 {[%emt 0:00:30]} Qa8 {[%emt 0:00:30]} 22. Nc6 {[%emt 0:00:30]} d4 {[%emt 0:00:30]} 23. Nxe7 {[%emt 0:00:30]} Kxe7 {[%emt 0:00:30]} 24. Qb4+ {[%emt 0:00:30]} Ke8 {[%emt 0:00:30]} 25. Bg5 {[%emt 0:00:30]} 1-0

[Event "Australian-ch 2020"]
[Site "Kogarah"]
[Date "2020.01.02"]
[Round "1.2"]
[White "O'shea, Kevin"]
[Black "Ikeda, Junta"]
[Result "0-1"]
[WhiteElo "2035"]
[BlackElo "2438"]
[Annotator "TA"]
[PlyCount "86"]
[EventDate "2020.01.02"]
[EventType "swiss"]
[EventCountry "AUS"]
[SourceTitle "playchess.com"]
[Source "ChessBase"]
[SourceQuality "1"]

{[%evp 10,86,53,45,39,7,9,12,34,34,33,-25,-15,-37,0,0,0,0,0,0,0,-55,0,0,8,0,0,-10,-7,0,0,-79,-74,-75,-80,-75,-78,-168,-120,-113,-111,-148,-150,-114,-93,-114,-112,-243,-258,-235,-248,-320,-338,-406,-395,-395,-382,-492,-486,-531,-520,-624,-666,-647,-631,-629,-624,-597,-607,-1083,-715,-702,-676,-850,-828,-748,-741,-943,-943]} 1. c4 g6 2. Nc3 Bg7 3. d4 d6 4. e4 e5 5. Nf3 Nc6 6. d5 Nd4 {A42: Modern Defence: Averbakh Variation} (6... Nce7 7. Be2 Nf6 8. O-O O-O 9. Ne1 Ne8 10. Be3 f5 11. f3 f4 12. Bf2 g5 13. c5 h5 14. a4 Rf6 15. a5 Rg6 16. Nb5 a6 17. cxd6 Nxd6 18. Nxd6 cxd6 19. Bb6 Qe8 20. Rc1 g4 21. Kh1 g3 22. Rc7 gxh2 23. Rf2 {1-0 (91) Ragger,M (2687)-Andriasian,Z (2594) Minsk 2015}) 7. Nxd4 exd4 8. Nb5 a6 {The position is equal.} 9. Nxd4 Qh4 10. Qd3 ({White should try} 10. Be3 $14) 10... Nf6 $11 11. Be2 $146 ({Predecessor:} 11. g3 Qxe4+ 12. Qxe4+ Nxe4 13. Be3 O-O 14. f3 {1-0 (60) Dietmayer Kraeutler,M (2328)-Llopis de Aysa,M (2132) Krakow 2017}) 11... Nxe4 12. Be3 O-O 13. O-O Re8 (13... Be5 $2 14. g3 $18) 14. Rae1 Bd7 ({Of course not} 14... Be5 $6 15. Nf3 $16 (15. g3 Nxg3 16. hxg3 Bxg3 $14)) 15. Bf3 (15. Nf3 $11 Qe7 16. Qb3) 15... Nc5 ({But not} 15... Be5 $6 16. g3 $14) ({Black should play} 15... Ng5 $1 $15) 16. Qd2 b5 17. b3 b4 18. Rd1 a5 19. Nb5 {Threatens to win with Bg5.} Bxb5 20. Bg5 (20. cxb5 $11 Bc3 21. Qc1) 20... Ne4 $17 21. Bxh4 Nxd2 22. Rxd2 Bd7 23. Bg3 (23. Re2 $17) 23... g5 24. h3 Bc3 $36 {[%mdl 2048] Black is on the roll.} 25. Re2 f5 26. Rxe8+ Bxe8 27. h4 h6 28. Bd1 (28. c5 $17 {keeps fighting.}) 28... f4 $19 29. Bh2 Bg6 30. Bg4 {[#]} a4 $1 31. g3 axb3 32. axb3 Bc2 33. hxg5 Bxb3 {Black is clearly winning.} 34. Be6+ Kg7 35. gxf4 Bc2 36. gxh6+ Kxh6 37. f5 b3 {[%cal Bb4b3,Bb3b2][%mdl 32] And now ...b2 would win.} 38. Bf4+ Kg7 {aiming for ...b2.} 39. Bc1 Ra1 {Hoping for ...Bd3.} 40. Kh2 Be5+ 41. Kh3 b2 42. Rg1+ Kh7 43. Bg8+ {[#]} Kh8 $1 {[%mdl 512] Accuracy: White = 44%, Black = 85%.} 0-1

[Event "Australian-ch 2020"]
[Site "Kogarah"]
[Date "2020.01.02"]
[Round "1.3"]
[White "Clarke, Brandon G I"]
[Black "Nakauchi, Gene"]
[Result "1-0"]
[WhiteElo "2438"]
[BlackElo "2150"]
[Annotator "TA"]
[PlyCount "47"]
[EventDate "2020.01.02"]
[EventType "swiss"]
[EventCountry "AUS"]
[SourceTitle "playchess.com"]
[Source "ChessBase"]
[SourceQuality "1"]

{[%evp 14,51,47,59,62,50,65,72,88,77,80,77,81,51,116,131,139,122,150,118,112,127,133,132,303,215,786,553,775,549,1312,1326,1293,1287,1275,983,29984,29985,29982,29983]} 1. e4 c5 2. Nf3 e6 3. d4 cxd4 4. Nxd4 a6 5. Bd3 Bc5 6. Nb3 Ba7 7. O-O Nc6 8. Qg4 Qf6 {B42: Sicilian: Kan Variation: 5 Bd3} 9. Nc3 {[%cal Bb1c3,Bc3a4,Ba4b6][%mdl 32]} (9. Bg5 Qg6 10. Qh4 h6 11. Bf4 Nf6 12. N1d2 e5 13. Be3 Bxe3 14. fxe3 b5 15. a4 Rb8 16. axb5 axb5 {½-½ (44) Navara,D (2733)-Babula,V (2549) Ostrava 2019}) 9... h5 10. Qe2 Ne5 {White is better.} 11. Be3 Bxe3 12. Qxe3 g5 $146 ({Predecessor:} 12... Ne7 13. Be2 b5 14. f4 Qh6 15. Qc5 N5c6 16. Rad1 {½-½ (46) Wozniak,M (2246)-Yakimenko,A (1983) Khanty-Mansiysk 2016}) 13. Na4 Ne7 ({Better is} 13... b5 $14 14. Nb6 Rb8) 14. Nb6 $36 {[%mdl 2048] White has strong initiative.} Rb8 15. Nd2 h4 16. Ndc4 Nxc4 17. Nxc4 Qf4 18. e5 {Threatens to win with Qc5.} f6 $2 {[#]} (18... Nc6 $16) 19. exf6 Qxf6 $2 (19... Nc6 20. Rae1 O-O) 20. f4 g4 21. f5 exf5 22. Rxf5 Qh6 23. Qe5 {Threatening mate with Nd6+.} Kd8 {[#]} 24. Rf6 {Played: Nc4-d6} 1-0

[Event "Australian-ch 2020"]
[Site "Kogarah"]
[Date "2020.01.02"]
[Round "1.4"]
[White "Huynh, Arthur"]
[Black "McClymont, Brodie"]
[Result "0-1"]
[WhiteElo "2136"]
[BlackElo "2421"]
[Annotator "ChessBase"]
[PlyCount "66"]
[EventDate "2020.01.02"]
[EventType "swiss"]
[EventCountry "AUS"]
[SourceTitle "playchess.com"]
[Source "ChessBase"]
[SourceQuality "1"]
[TimeControl "40/5400+30:1800+30"]

1. d4 {[%emt 0:00:00]} Nf6 {[%emt 0:00:00]} 2. c4 {[%emt 0:00:00]} g6 {[%emt 0:00:02]} 3. Nc3 {[%emt 0:00:11]} d5 {[%emt 0:00:20]} 4. cxd5 {[%emt 0:01:11]} Nxd5 {[%emt 0:00:11]} 5. e4 {[%emt 0:00:40]} Nxc3 {[%emt 0:00:05]} 6. bxc3 {[%emt 0:00:06]} Bg7 {[%emt 0:00:03]} 7. Nf3 {[%emt 0:00:14]} O-O {[%emt 0:00:11]} 8. Be3 {[%emt 0:00:35]} c5 {[%emt 0:00:05]} 9. Rb1 {[%emt 0:00:36]} b6 {[%emt 0:14:01]} 10. Qd2 {[%emt 0:02:51]} Bb7 {[%emt 0:01:57]} 11. d5 {[%emt 0:04:32]} e6 {[%emt 0:04:21]} 12. c4 {[%emt 0:02:06]} exd5 {[%emt 0:02:35]} 13. exd5 {[%emt 0:00:34]} Bc8 {[%emt 0:02:04]} 14. h3 {[%emt 0:10:33]} Bf5 {[%emt 0:03:58]} 15. Bd3 {[%emt 0:00:45]} Bxd3 {[%emt 0:00:12]} 16. Qxd3 {[%emt 0:00:08]} Nc6 {[%emt 0:00:13]} 17. O-O {[%emt 0:00:42]} Qd7 {[%emt 0:00:37]} 18. Rfd1 {[%emt 0:01:46]} Nb4 {[%emt 0:03:30]} 19. Qb3 {[%emt 0:09:08]} a5 {[%emt 0:00:18]} 20. a4 {[%emt 0:00:25]} Rfe8 {[%emt 0:00:40]} 21. Re1 {[%emt 0:04:20]} Re4 {[%emt 0:06:48]} 22. Bd2 {[%emt 0:05:03]} Rae8 {[%emt 0:06:44]} 23. Rxe4 {[%emt 0:02:08]} Rxe4 {[%emt 0:00:04]} 24. Re1 {[%emt 0:00:34]} Rxe1+ {[%emt 0:00:45]} 25. Bxe1 {[%emt 0:00:17]} Qe8 {[%emt 0:05:51]} 26. Qd1 {[%emt 0:02:59]} Qe4 {[%emt 0:04:06]} 27. d6 {[%emt 0:14:16]} Bf6 {[%emt 0:05:35]} 28. d7 {[%emt 0:04:53]} Bd8 {[%emt 0:01:09]} 29. Qd6 {[%emt 0:01:52]} Qxc4 {[%emt 0:02:20]} 30. Qb8 {[%emt 0:07:23]} Nc6 {[%emt 0:00:10]} 31. Qc8 {[%emt 0:01:10]} Qe6 {[%emt 0:01:00]} 32. Bc3 {[%emt 0:00:56]} f6 {[%emt 0:00:48]} 33. Nd2 {[%emt 0:01:15]} Kf7 {[%emt 0:00:37]} 0-1

[Event "Australian-ch 2020"]
[Site "Kogarah"]
[Date "2020.01.02"]
[Round "1.5"]
[White "Bjelobrk, Igor"]
[Black "Lo, Willis"]
[Result "1-0"]
[WhiteElo "2403"]
[BlackElo "2108"]
[Annotator "ChessBase"]
[PlyCount "155"]
[EventDate "2020.01.02"]
[EventType "swiss"]
[EventCountry "AUS"]
[SourceTitle "playchess.com"]
[Source "ChessBase"]
[SourceQuality "1"]
[TimeControl "40/5400+30:1800+30"]

1. d4 {[%emt 0:00:00]} Nf6 {[%emt 0:00:00]} 2. c4 {[%emt 0:00:00]} e6 {[%emt 0:00:00]} 3. g3 {[%emt 0:00:27]} d5 {[%emt 0:00:01]} 4. Nf3 dxc4 {[%emt 0:00:14]} 5. Bg2 {[%emt 0:00:22]} Bb4+ {[%emt 0:00:09]} 6. Bd2 {[%emt 0:00:16]} a5 {[%emt 0:00:10]} 7. a3 {[%emt 0:00:16]} Bxd2+ {[%emt 0:00:13]} 8. Nbxd2 {[%emt 0:00:10]} b5 {[%emt 0:01:42]} 9. b3 {[%emt 0:00:28]} c3 {[%emt 0:07:24]} 10. Nb1 {[%emt 0:00:56]} Nd5 {[%emt 0:00:50]} 11. Qc2 {[%emt 0:08:35]} Bb7 {[%emt 0:06:42]} 12. Nxc3 {[%emt 0:01:52]} c6 {[%emt 0:07:11]} 13. Ne4 {[%emt 0:01:09]} Na6 {[%emt 0:03:03]} 14. O-O {[%emt 0:04:15]} O-O {[%emt 0:06:38]} 15. Rac1 {[%emt 0:05:24]} Rc8 {[%emt 0:05:56]} 16. Ne5 {[%emt 0:08:15]} Qe7 {[%emt 0:04:32]} 17. Nc5 {[%emt 0:08:25]} Nxc5 {[%emt 0:00:37]} 18. Qxc5 {[%emt 0:00:34]} Qxc5 {[%emt 0:14:43]} 19. Rxc5 {[%emt 0:00:24]} f6 {[%emt 0:03:15]} 20. Nd3 {[%emt 0:03:47]} Rfd8 {[%emt 0:06:07]} 21. e3 {[%emt 0:05:32]} Nb6 {[%emt 0:08:51]} 22. Rfc1 {[%emt 0:08:32]} a4 {[%emt 0:02:22]} 23. R5c3 {[%emt 0:06:11]} axb3 {[%emt 0:03:40]} 24. Rxb3 {[%emt 0:02:46]} Na4 {[%emt 0:06:58]} 25. Nc5 {[%emt 0:12:38]} Nxc5 {[%emt 0:00:07]} 26. Rxc5 {[%emt 0:00:03]} e5 {[%emt 0:01:10]} 27. Bh3 {[%emt 0:22:13]} Ra8 {[%emt 0:00:09]} 28. dxe5 {[%emt 0:00:00]} Rd1+ {[%emt 0:00:43]} 29. Kg2 {[%emt 0:00:00]} fxe5 {[%emt 0:01:05]} 30. Rxe5 {[%emt 0:00:00]} c5+ {[%emt 0:01:05]} 31. e4 {[%emt 0:00:00]} Re1 {[%emt 0:05:44]} 32. Be6+ {[%emt 0:00:00]} Kh8 {[%emt 0:00:06]} 33. Rxb5 {[%emt 0:00:00]} Bxe4+ {[%emt 0:00:20]} 34. Rxe4 {[%emt 0:00:00]} Rxe4 {[%emt 0:00:14]} 35. Bd5 {[%emt 0:00:00]} Ree8 {[%emt 0:01:11]} 36. Bxa8 {[%emt 0:00:00]} Rxa8 {[%emt 0:00:05]} 37. Rxc5 {[%emt 0:00:00]} h6 {[%emt 0:01:16]} 38. Rc3 {[%emt 0:00:00]} g5 {[%emt 0:00:47]} 39. Kf3 {[%emt 0:00:00]} Ra4 {[%emt 0:00:06]} 40. Ke3 {[%emt 0:00:00]} Kg7 {[%emt 0:00:07]} 41. Kd3 {[%emt 0:26:40]} Kg6 {[%emt 0:33:28]} 42. h3 {[%emt 0:00:00]} Kf5 {[%emt 0:00:00]} 43. Kc2 Kg6 {[%emt 0:00:00]} 44. Kd3 {[%emt 0:00:00]} Kf5 {[%emt 0:00:00]} 45. Kc2 {[%emt 0:00:00]} Ke4 {[%emt 0:00:00]} 46. Kb3 {[%emt 0:00:00]} Ra8 {[%emt 0:00:00]} 47. a4 {[%emt 0:00:00]} Rb8+ {[%emt 0:00:00]} 48. Ka3 {[%emt 0:00:00]} Ra8 {[%emt 0:00:00]} 49. Rc6 {[%emt 0:00:00]} Kf3 {[%emt 0:00:00]} 50. Rxh6 {[%emt 0:00:00]} Kxf2 {[%emt 0:00:00]} 51. g4 {[%emt 0:00:00]} Kg3 {[%emt 0:00:00]} 52. Rg6 {[%emt 0:00:00]} Kf4 {[%emt 0:00:00]} 53. Kb4 {[%emt 0:00:00]} Rh8 {[%emt 0:00:00]} 54. Rf6+ {[%emt 0:00:00]} Kg3 {[%emt 0:07:59]} 55. Rf5 {[%emt 0:00:00]} Rg8 {[%emt 0:00:00]} 56. Rc5 {[%emt 0:00:00]} Kxh3 {[%emt 0:00:00]} 57. Rc4 {[%emt 0:00:00]} Rb8+ {[%emt 0:00:00]} 58. Kc3 {[%emt 0:00:00]} Ra8 {[%emt 0:00:00]} 59. Rd4 {[%emt 0:00:00]} Kh4 {[%emt 0:00:00]} 60. Kb4 {[%emt 0:00:00]} Rb8+ {[%emt 0:00:00]} 61. Kc5 {[%emt 0:00:00]} Re8 {[%emt 0:00:00]} 62. a5 {[%emt 0:01:36]} Re5+ {[%emt 0:00:00]} 63. Kb4 {[%emt 0:01:47]} Re6 {[%emt 0:00:00]} 64. Ka4 {[%emt 0:00:34]} Re1 {[%emt 0:00:24]} 65. Kb3 {[%emt 0:04:22]} Ra1 {[%emt 0:00:53]} 66. Ra4 {[%emt 0:02:01]} Rb1+ {[%emt 0:00:31]} 67. Kc2 {[%emt 0:00:06]} Rb7 {[%emt 0:00:06]} 68. a6 {[%emt 0:00:22]} Ra7 {[%emt 0:00:07]} 69. Kd3 {[%emt 0:00:50]} Kg3 {[%emt 0:00:16]} 70. Ke2 {[%emt 0:00:46]} Re7+ {[%emt 0:00:23]} 71. Kd3 {[%emt 0:01:50]} Ra7 {[%emt 0:00:07]} 72. Ke3 {[%emt 0:00:11]} Kh4 {[%emt 0:01:42]} 73. Kf3 {[%emt 0:00:26]} Rf7+ {[%emt 0:00:35]} 74. Kg2 {[%emt 0:00:09]} Ra7 {[%emt 0:00:27]} 75. Kh2 {[%emt 0:00:19]} Rb7 {[%emt 0:04:19]} 76. a7 {[%emt 0:00:58]} Rb2+ {[%emt 0:00:38]} 77. Kg1 {[%emt 0:00:12]} Rg2+ {[%emt 0:00:30]} 78. Kf1 {[%emt 0:00:19]} 1-0

[Event "Australian-ch 2020"]
[Site "Kogarah"]
[Date "2020.01.02"]
[Round "1.6"]
[White "Kargosha, Bahman"]
[Black "Wallis, Christopher"]
[Result "1/2-1/2"]
[WhiteElo "2101"]
[BlackElo "2322"]
[Annotator "ChessBase"]
[PlyCount "96"]
[EventDate "2020.01.02"]
[EventType "swiss"]
[EventCountry "AUS"]
[SourceTitle "playchess.com"]
[Source "ChessBase"]
[SourceQuality "1"]
[TimeControl "40/5400+30:1800+30"]

1. d4 {[%emt 0:00:00]} Nf6 {[%emt 0:00:00]} 2. c4 {[%emt 0:00:00]} e6 {[%emt 0:00:00]} 3. Nc3 {[%emt 0:00:00]} Bb4 {[%emt 0:00:04]} 4. e3 {[%emt 0:00:10]} O-O {[%emt 0:00:12]} 5. Bd3 {[%emt 0:00:24]} d5 {[%emt 0:00:11]} 6. Nf3 {[%emt 0:00:09]} b6 {[%emt 0:00:10]} 7. O-O {[%emt 0:02:50]} Ba6 {[%emt 0:00:13]} 8. cxd5 {[%emt 0:02:20]} exd5 {[%emt 0:00:17]} 9. Bxa6 {[%emt 0:03:45]} Nxa6 {[%emt 0:00:09]} 10. Qa4 {[%emt 0:01:16]} Qc8 {[%emt 0:01:03]} 11. Bd2 {[%emt 0:01:24]} Qb7 {[%emt 0:04:39]} 12. Rac1 {[%emt 0:02:04]} c5 {[%emt 0:06:16]} 13. dxc5 {[%emt 0:24:07]} bxc5 {[%emt 0:00:58]} 14. Rfd1 {[%emt 0:02:26]} c4 {[%emt 0:16:32]} 15. Qb5 {[%emt 0:07:10]} Qxb5 {[%emt 0:13:53]} 16. Nxb5 {[%emt 0:00:03]} Bxd2 {[%emt 0:01:05]} 17. Rxd2 {[%emt 0:06:09]} Nb4 {[%emt 0:06:00]} 18. Nc3 {[%emt 0:05:18]} Nd3 {[%emt 0:05:20]} 19. Rb1 {[%emt 0:00:59]} Rab8 {[%emt 0:04:13]} 20. Nd4 {[%emt 0:14:00]} Rb6 {[%emt 0:10:10]} 21. f3 {[%emt 0:06:49]} Re8 {[%emt 0:06:16]} 22. Re2 {[%emt 0:00:18]} Reb8 {[%emt 0:02:12]} 23. Na4 {[%emt 0:01:04]} R6b7 {[%emt 0:04:47]} 24. Nc6 {[%emt 0:01:15]} Rc8 {[%emt 0:02:49]} 25. Nd4 {[%emt 0:00:40]} h5 {[%emt 0:02:32]} 26. Nc3 {[%emt 0:00:43]} g6 {[%emt 0:01:12]} 27. Ndb5 {[%emt 0:04:46]} Rcb8 {[%emt 0:02:55]} 28. Nd4 {[%emt 0:04:45]} Kf8 {[%emt 0:05:19]} 29. Nc6 {[%emt 0:00:48]} Rc8 {[%emt 0:00:45]} 30. Nd4 {[%emt 0:00:37]} Re7 {[%emt 0:00:46]} 31. Nd1 {[%emt 0:06:59]} Rce8 {[%emt 0:02:12]} 32. Nc6 {[%emt 0:00:43]} Rb7 {[%emt 0:01:03]} 33. Nf2 {[%emt 0:01:10]} Rc8 {[%emt 0:00:43]} 34. Nd4 {[%emt 0:00:25]} Nc5 {[%emt 0:00:19]} 35. b4 {[%emt 0:01:12]} Na4 {[%emt 0:00:33]} 36. Rc2 {[%emt 0:00:36]} a6 {[%emt 0:01:06]} 37. Nd1 {[%emt 0:00:09]} Nc5 {[%emt 0:00:58]} 38. Nc3 {[%emt 0:00:29]} Nd3 {[%emt 0:00:18]} 39. b5 {[%emt 0:00:28]} axb5 {[%emt 0:00:08]} 40. Rxb5 {[%emt 0:00:36]} Rxb5 {[%emt 0:00:39]} 41. Ndxb5 {[%emt 0:01:51]} Ra8 {[%emt 0:06:50]} 42. a4 {[%emt 0:02:10]} Ke7 {[%emt 0:01:07]} 43. Ra2 {[%emt 0:09:58]} Ra5 {[%emt 0:03:10]} 44. Ra1 {[%emt 0:01:16]} Kd7 {[%emt 0:04:26]} 45. Rb1 {[%emt 0:00:51]} Kc6 {[%emt 0:02:33]} 46. Nd4+ {[%emt 0:01:14]} Kc7 {[%emt 0:00:21]} 47. Ndb5+ {[%emt 0:00:47]} Kc6 {[%emt 0:02:00]} 48. Nd4+ {[%emt 0:00:16]} Kc7 {[%emt 0:00:30]} 1/2-1/2

[Event "Australian-ch 2020"]
[Site "Kogarah"]
[Date "2020.01.02"]
[Round "1.7"]
[White "Solomon, Stephen J"]
[Black "Kethro, Michael"]
[Result "1-0"]
[WhiteElo "2319"]
[BlackElo "2093"]
[Annotator "ChessBase"]
[PlyCount "105"]
[EventDate "2020.01.02"]
[EventType "swiss"]
[EventCountry "AUS"]
[SourceTitle "playchess.com"]
[Source "ChessBase"]
[SourceQuality "1"]
[TimeControl "40/5400+30:1800+30"]

1. e4 {[%emt 0:00:00]} c5 {[%emt 0:00:00]} 2. Nf3 {[%emt 0:00:00]} e6 {[%emt 0:00:01]} 3. d4 {[%emt 0:00:00]} cxd4 {[%emt 0:00:08]} 4. Nxd4 {[%emt 0:00:00]} Nc6 {[%emt 0:00:29]} 5. Nc3 {[%emt 0:00:07]} Qc7 {[%emt 0:00:18]} 6. g3 {[%emt 0:00:59]} a6 {[%emt 0:00:37]} 7. Bg2 {[%emt 0:00:28]} Nf6 {[%emt 0:00:52]} 8. O-O {[%emt 0:00:21]} Nxd4 {[%emt 0:00:48]} 9. Qxd4 {[%emt 0:00:50]} Bc5 {[%emt 0:00:18]} 10. Bf4 {[%emt 0:01:04]} d6 {[%emt 0:00:34]} 11. Qd3 {[%emt 0:00:20]} Ng4 {[%emt 0:04:55]} 12. Na4 {[%emt 0:06:31]} e5 {[%emt 0:04:12]} 13. Bd2 {[%emt 0:06:06]} Bd4 {[%emt 0:08:33]} 14. h3 {[%emt 0:13:26]} Nf6 {[%emt 0:22:00]} 15. c3 {[%emt 0:04:13]} Ba7 {[%emt 0:02:08]} 16. c4 {[%emt 0:00:31]} Be6 {[%emt 0:15:08]} 17. Rac1 {[%emt 0:01:13]} O-O {[%emt 0:03:36]} 18. b3 {[%emt 0:01:54]} Nd7 {[%emt 0:04:21]} 19. Nc3 {[%emt 0:02:15]} Nc5 {[%emt 0:05:01]} 20. Qe2 {[%emt 0:04:40]} Qe7 {[%emt 0:04:00]} 21. Be3 {[%emt 0:04:22]} Bd7 {[%emt 0:03:36]} 22. Nd5 {[%emt 0:06:47]} Qd8 {[%emt 0:00:53]} 23. f4 Ne6 {[%emt 0:00:30]} 24. f5 Nd4 {[%emt 0:00:30]} 25. Qf2 f6 {[%emt 0:00:30]} 26. g4 Bc6 {[%emt 0:00:30]} 27. Kh2 Bxd5 {[%emt 0:00:30]} 28. exd5 b5 {[%emt 0:00:30]} 29. cxb5 axb5 {[%emt 0:00:30]} 30. b4 Bb6 {[%emt 0:00:30]} 31. Rc3 Ra4 {[%emt 0:00:30]} 32. a3 Qa8 {[%emt 0:00:30]} 33. Qb2 Qa7 {[%emt 0:00:30]} 34. Be4 h6 {[%emt 0:00:30]} 35. Kg2 Ra8 {[%emt 0:00:30]} 36. Bc1 Qb7 {[%emt 0:00:30]} 37. Rd1 Rc8 {[%emt 0:00:30]} 38. Rxc8+ Qxc8 {[%emt 0:00:30]} 39. Be3 Ra7 {[%emt 0:00:30]} 40. Rc1 Qa8 {[%emt 0:00:30]} 41. Rc3 Rc7 {[%emt 0:30:30]} 42. Rc6 Rxc6 {[%emt 0:00:30]} 43. dxc6 Qa4 {[%emt 0:00:30]} 44. Qc1 Qa7 {[%emt 0:00:30]} 45. Bd5+ Kh7 {[%emt 0:00:30]} 46. Bxd4 exd4 {[%emt 0:00:30]} 47. Qe1 Qb8 {[%emt 0:00:30]} 48. Qe2 Ba7 {[%emt 0:00:30]} 49. g5 fxg5 {[%emt 0:00:30]} 50. f6 Qd8 {[%emt 0:00:30]} 51. Qe7 {[%emt 1:09:09]} Qb8 {[%emt 0:18:30]} 52. Qe2 {[%emt 0:06:41]} Qd8 {[%emt 0:00:30]} 53. Qe7 {[%emt 0:00:56]} 1-0